| 000 | 00648nam a22001937a 4500 | ||
|---|---|---|---|
| 003 | DO-SdBNP | ||
| 005 | 20230320132133.0 | ||
| 007 | ta | ||
| 008 | 210609b2020 dr 00| 0 eng dspa d | ||
| 020 | _a9789945621013 | ||
| 040 |
_aDO-SdBNP _bspa _cBNPHU |
||
| 082 | 4 | _222 | |
| 110 | 0 | 0 |
_aRepública Dominicana : _bMinisterio de Salud Pública. _978774 |
| 245 | 0 | _aDirectrices para prevención y manejo de enfermedad respiratoria por coronavirus (Covid-19) en embarazadas y recién nacidos | |
| 260 |
_aSanto Domingo : _bMinisterio de Salud Pública, _c2020. |
||
| 300 |
_a21 p. : _c20 cm. |
||
| 590 | _aInventariado, 2021 /LP | ||
| 942 |
_2ddc _cLF2 |
||
| 999 |
_c49904 _d49904 |
||